| 000 | 00382nam a2200133Ia 4500 | ||
|---|---|---|---|
| 008 | 210210b1977 xxu||||| |||| 00| 0 eng d | ||
| 082 | _a540.2 ASSQ | ||
| 100 | _aASSOCIATION OF INDIAN UNIVERSITIES. | ||
| 245 | _aQuestion bank book series: chemistry. | ||
| 260 |
_aND _bAssociation of indian universities _c1977 |
||
| 300 | _a769 | ||
| 690 | _aChemistry Entrance | ||
| 906 | _aSG00128 | ||
| 999 |
_c111538 _d111538 |
||